La masa encefálica /
Guardado en:
| Autor Principal: | |
|---|---|
| Formato: | |
| Series: | El cuerpo humano
|
| Materias: | |
| Etiquetas: |
Agregar Etiqueta
Sin Etiquetas, Sea el primero en etiquetar este registro!
|
| LEADER | 01104ngm a22003135g 4500 | ||
|---|---|---|---|
| 001 | CEM.cems021761 | ||
| 008 | 130507b1993##################0###0#####d | ||
| 005 | 20240910092616.0 | ||
| 245 | 1 | 0 | |a La masa encefálica / |c TRANSTEL. |
| 300 | |a 27 | ||
| 490 | 0 | |a El cuerpo humano | |
| 500 | |a En soporte VHS, consultar en ventanilla. | ||
| 505 | 0 | |a El cerebro: su evolución desde el hombre primitivo. Célula nerviosa. Impulso nervioso. Axón y capas aislantes. Estímulo-reacción. Embrión. Adaptación. Cerebro del vertebrado primitivo. Cerebro del embrión. Cerebelo. | |
| 538 | |a Soporte: VHS - Norma: Pal N - Color - Grabación DRD 1993 - Hitachi=2553 | ||
| 100 | 1 | |a TRANSTEL. | |
| 082 | 6 | 1 | |/ TRA |
| 653 | |a ANATOMIA | ||
| 653 | |a FISIOLOGIA | ||
| 653 | |a CEREBRO | ||
| 653 | |a CEREBELO | ||
| 653 | |a CELULAS | ||
| 653 | |a BIOLOGIA | ||
| 653 | |a SISTEMA NERVIOSO | ||
| 653 | |a ANATOMIA ANIMAL | ||
| 653 | |a EVOLUCION DEL HOMBRE | ||
| 653 | |a EMBRIONES | ||
| 653 | |a ESTIMULO-REACCION | ||
| 653 | |a NIVEL SECUNDARIO | ||
| 859 | |a CEMS |b BIB. CEMS - Depto. Recursos Didacticos |h 611 |i TRA |k DRD |p 0404.12 |t Ej.1 | ||
